Orientacions i programes : cicle mitjà d'Educació General Bàsica / Direcció General d'Ensenyament Primari cicle mitjà d'Educació General Bàsica / Direcció General d'Ensenyament Primari
Publicado:
Barcelona :
Generalitat de Catalunya. Departament d'Ensenyament. Secretaria General Tècnica ,
1983
Descripción Física:
370 p. ; 30 cm
Materias:
Ensenyament primari
MARC
| LEADER | 00000nam a2200000Ia 4500 | ||
|---|---|---|---|
| 001 | 1148 | ||
| 008 | 160829s1983 xx 000 0 cat d | ||
| 080 | |a E-1-22 | ||
| 110 | 1 | |a Catalunya. |b Direcció General d'Ensenyament Primari |9 56407 | |
| 245 | |a Orientacions i programes : |b cicle mitjà d'Educació General Bàsica / Direcció General d'Ensenyament Primari | ||
| 260 | |a Barcelona : |b Generalitat de Catalunya. Departament d'Ensenyament. Secretaria General Tècnica, |c 1983 | ||
| 300 | |a 370 p. ; |c 30 cm | ||
| 650 | |a Ensenyament primari |9 36147 | ||
| 901 | |a Arxiu | ||
| 942 | |n 1 | ||
| 952 | |0 0 |1 0 |4 0 |6 E122 |7 1 |9 42583 |a Arxiu |b Arxiu |d 2016-12-01 |l 0 |o E-1-22 |p 1148 |r 2016-12-01 00:00:00 |w 2016-12-01 |y ARXIU | ||
| 999 | |c 45088 |d 45088 | ||